Informe sobre la tabla de valores presentada por la Dirección General de Propiedades y Contribución Territorial, para la investigación de la riqueza rústica y pecuaria de la provincia de Barcelona / emitido a petición de la Exma. Diputación Provincial por José Llovet Mont-Ros
Descripción Física:
111 p. ; 24'5 cm
MARC
| LEADER | 00000nam a2200000Ia 4500 | ||
|---|---|---|---|
| 001 | 902 | ||
| 008 | 160829s1944 xx 000 0 cat d | ||
| 080 | |a M-1-233 | ||
| 100 | |a Llovet Mont-Ros, Josep |9 22397 | ||
| 245 | |a Informe sobre la tabla de valores presentada por la Dirección General de Propiedades y Contribución Territorial, para la investigación de la riqueza rústica y pecuaria de la provincia de Barcelona / emitido a petición de la Exma. Diputación Provincial por José Llovet Mont-Ros | ||
| 260 | |a Barcelona : |b [s.n.], |c 1944 | ||
| 300 | |a 111 p. ; |c 24'5 cm | ||
| 650 | |a Productes agrícoles |x Barcelona |9 32250 | ||
| 650 | |a Ramaderia |x Barcelona |9 32251 | ||
| 710 | 1 | |a Barcelona (Catalunya : Província). |b Diputació |9 52408 | |
| 901 | |a Arxiu | ||
| 942 | |n 1 | ||
| 952 | |0 0 |1 0 |4 0 |6 M1233 |7 1 |9 45920 |a Arxiu |b Arxiu |d 2016-12-01 |l 0 |o M-1-233 |p 902 |r 2016-12-01 00:00:00 |w 2016-12-01 |y ARXIU | ||
| 999 | |c 49421 |d 49421 | ||